| 000 | 00905nam a2200253 i 4500 | ||
|---|---|---|---|
| 003 | DO-SdBNP | ||
| 005 | 20230818151635.0 | ||
| 006 | a||||gr|||| 00| 0 | ||
| 007 | ta | ||
| 008 | 230818n190? rd ||||| |||| 00| 0 spa d | ||
| 040 |
_aDO-SdBNP _bspa _cBNPHU _erda |
||
| 082 | 4 |
_222 _bR426 |
|
| 110 | _4República Dominicana | ||
| 245 | 1 | 0 | _aLey general de cheques (no. 2859). Ley general de bancos (no.708). transferencia internacional de fondos (entrega de divisas al Banco Central) (no. 251. / |
| 246 | 1 | 0 | _aLey general de bancos (no.708). |
| 246 | 1 | 0 | _aTransferencia internacional de fondos (entrega de divisas al Banco Central), (no. 251. / |
| 264 |
_aSanto Domingo : _b[sin editora], _c[190?] |
||
| 300 |
_a35 páginas ; _c21 cm |
||
| 336 |
_2rdacontent _atexto _btxt |
||
| 337 |
_2rdamedia _amedia _bn |
||
| 338 |
_2rdacarrier _avolumen _bnc |
||
| 590 | _aInventariado 2023 / MF | ||
| 942 |
_2ddc _cLF2 |
||
| 999 |
_c54488 _d54488 |
||